|
|
|
|
| LEADER |
00777nam a2200229Ia 4500 |
| 008 |
240830s9999 xx 000 0 und d |
| 040 |
|
|
|a BIBLIOTECA-RUPAP Mon 693.4 J37
|
| 041 |
|
|
|a spa
|
| 082 |
|
|
|a Mon 693.4 J37
|
| 100 |
1 |
|
|a Jarquín Manzanares, Leda
|
| 100 |
1 |
|
|b Tiffer Tercero, Merly Lizeth
|
| 245 |
1 |
0 |
|a Uso de la piedra pómez y hormigón rojo para la fabricación de elementos de mampostería (bloques)
|
| 260 |
|
|
|a Managua
|b UNI
|c 1994
|
| 300 |
|
|
|a 222 p. :il.
|
| 500 |
|
|
|a Contiene: fotos, gráficos y tablas.
|
| 502 |
|
|
|a Tesis (Ingeniero Civil)- UNI, 1994.
|
| 650 |
7 |
|
|a CONSTRUCCIÓN - PIEDRAS ARTIFICIALES
|
| 650 |
7 |
|
|b PIEDRA DE CONSTRUCCIÓN.
|
| 700 |
1 |
|
|a Tutor:
|b Gutiérrez Somarriba, Oscar Isaac
|
| 942 |
|
|
|c BK
|2 ddc
|
| 991 |
|
|
|a TESIS
|
| 999 |
|
|
|c 17902
|